Felszólításannotálás a MedCollect egészségügyi álhírkorpuszban

Napjaink egyik legégetőbb problémája az álhírek terjedése, és ezáltal a hírolvasó emberek félrevezetése. Az álhírek elleni küzdelem egyik lehetséges eszköze a megjelenő hírek tényellenőrzésén kívül az álhírek automatikus felismerése. Ez történhet az álhírek szókészletét figyelembe vevő szövegosztály...

Teljes leírás

Elmentve itt :
Bibliográfiai részletek
Szerzők: Szécsényi Tibor
Nagy C. Katalin
Németh T. Enikő
Testületi szerző: Magyar számítógépes nyelvészeti konferencia (20.)
Dokumentumtípus: Könyv része
Megjelent: Szegedi Tudományegyetem TTIK, Informatikai Intézet Szeged 2024
Sorozat:Magyar Számítógépes Nyelvészeti Konferencia 20
Kulcsszavak:Nyelvészet - számítógép alkalmazása
Tárgyszavak:
Online Access:http://acta.bibl.u-szeged.hu/88760
LEADER 02023naa a2200277 i 4500
001 acta88760
005 20251112095444.0
008 251112s2024 hu o 100 hun d
020 |a 978-963-306-973-8 
040 |a SZTE Egyetemi Kiadványok Repozitórium  |b hun 
041 |a hun 
100 1 |a Szécsényi Tibor 
245 1 0 |a Felszólításannotálás a MedCollect egészségügyi álhírkorpuszban  |h [elektronikus dokumentum] /  |c  Szécsényi Tibor 
260 |a Szegedi Tudományegyetem TTIK, Informatikai Intézet  |b Szeged  |c 2024 
300 |a 159-170 
490 0 |a Magyar Számítógépes Nyelvészeti Konferencia  |v 20 
520 3 |a Napjaink egyik legégetőbb problémája az álhírek terjedése, és ezáltal a hírolvasó emberek félrevezetése. Az álhírek elleni küzdelem egyik lehetséges eszköze a megjelenő hírek tényellenőrzésén kívül az álhírek automatikus felismerése. Ez történhet az álhírek szókészletét figyelembe vevő szövegosztályozókkal is, de ezek pontosságát javíthatja az álhírekben megfigyelhető nyelvhasználati stratégiák és az azokat megvalósító nyelvi elemek azonosítása. A tanulmányban bemutatjuk az ilyen stratégiák és elemek azonosítását célul kitűző magyar nyelvű MedCollect egészségügyi álhírkorpusz építését, és benne a felszólítást végrehajtó nyelvi elemek funkcióinak a kézi annotálását. A korpusz az álhírekre jellemző nyelvhasználati stratégiák és nyelvi eszközök kvalitatív és kvantitatív vizsgálatát teszi lehetővé. 
650 4 |a Természettudományok 
650 4 |a Számítás- és információtudomány 
650 4 |a Bölcsészettudományok 
650 4 |a Nyelvek és irodalom 
695 |a Nyelvészet - számítógép alkalmazása 
700 0 2 |a Nagy C. Katalin  |e aut 
700 0 2 |a Németh T. Enikő  |e aut 
711 |a Magyar számítógépes nyelvészeti konferencia (20.)  |c Szeged  |d 2024. január 25-26. 
856 4 0 |u http://acta.bibl.u-szeged.hu/88760/1/msznykonf_020_159-170.pdf  |z Dokumentum-elérés